00858nam a22002777a 4500003000500000005001700005008004100022010001100063011001100074020001500085035001100100040000900111082002300120100002400143245013100167260003400298300002000332490004000352650001800392650002500410650001600435650002900451650003400480650002600514830004000540CHAP20220329143729.0110427s1993 mx a r 00010 spa d a101053 a102025 a9682934761 a112713 cCHAP04a581.634097249bB341 aBaytelman, Bernardo10aAcerca de plantas y de curanderos :betnobotánica y antropología médica en el Estado de Morelosc/por Bernardo Baytelman aMéxico, D.F. :bINAH,c1993 a452 p. :bilus. 0aSerie AntropologíapDivulgación14aAntropologia.14aBotánica médica.14aCuranderos.14aEtnobotánicazMorelos.14aIndios de MéxicoxMedicina.14aMedicina tradicional. 0aSerie AntropologíapDivulgación